| 000 | 01057cam a22002651 4500 | ||
|---|---|---|---|
| 001 | 000019688 | ||
| 005 | 20200929170114.0 | ||
| 008 | 770805s1939 ag 000 0 spa | ||
| 010 | _a40001821 | ||
| 035 | _a(OCoLC)3163074 | ||
| 040 |
_aDO-SdBNP _cVtMiM _dOCoLC _dDLC |
||
| 042 | _apremarc | ||
| 050 | 0 | 0 |
_aPQ6089 _b.M33 |
| 100 | 2 |
_aMenendez Pidal, Ramon, _d1869-1968. _93902 |
|
| 245 | 1 | 4 | _aLos romances de America, y otros estudios. |
| 260 |
_aBuenos Aires- _aMexico, : _bEspasa-Calpe argentina, s.a., _c[1939]. |
||
| 300 |
_a2 p. l., 7-187 p., 1 l. ; _c18 cm. |
||
| 490 | 0 | _aColeccion austral. [55] | |
| 505 | 0 | _aLos romances tradicionales en America.--Poesia popular y poesia tradicional en la literatura espanola.--Los origenes del romancero.--Un nuevo romance fronterizo.--El lenguaje del siglo XVI. | |
| 650 | 0 |
_aSpanish ballads and songs _xHistory and criticism. _942134 |
|
| 650 | 0 |
_aLatin-american ballads and songs _xHistory and criticism. _942135 |
|
| 650 | 0 |
_aBallads. _942136 |
|
| 910 | _aCatalogación derivada / LC | ||
| 082 | _a861.04 | ||
| 999 |
_c19203 _d19203 |
||